Public institutions in India : performance and design (Record no. 7252)

MARC details
000 -LEADER
fixed length control field 00678 a2200193 4500
001 - CONTROL NUMBER
control field 132910
003 - CONTROL NUMBER IDENTIFIER
control field OSt
005 - DATE AND TIME OF LATEST TRANSACTION
control field 20220329151151.0
008 - FIXED-LENGTH DATA ELEMENTS--GENERAL INFORMATION
fixed length control field
020 ## - INTERNATIONAL STANDARD BOOK NUMBER
International Standard Book Number 9780195689662
082 ## - DEWEY DECIMAL CLASSIFICATION NUMBER
Classification number 351.54
Item number P96P
245 1# - TITLE STATEMENT
Title Public institutions in India : performance and design
Statement of responsibility, etc edited by Devesh Kapur and Pratap Bhanu Mehta
260 ## - PUBLICATION, DISTRIBUTION, ETC. (IMPRINT)
Place of publication, distribution, etc New Delhi
Name of publisher, distributor, etc Oxford Univrsity Press
Date of publication, distribution, etc 2012
300 ## - PHYSICAL DESCRIPTION
Extent 491p.
690 ## - LOCAL SUBJECT ADDED ENTRY--TOPICAL TERM (OCLC, RLIN)
Topical term or geographic name as entry element Public administration; Representative government and representation; Politics and government; Central-local government relations
700 ## - ADDED ENTRY--PERSONAL NAME
Personal name Kapur, Devesh
Relator term Editor
700 ## - ADDED ENTRY--PERSONAL NAME
Personal name Mehta, Pratap Bhanu
Relator term Editor
942 ## - ADDED ENTRY ELEMENTS (KOHA)
Source of classification or shelving scheme Dewey Decimal Classification
Koha item type Books
Holdings
Withdrawn status Lost status Source of classification or shelving scheme Damaged status Not for loan Collection code Home library Current library Date acquired Source of acquisition Total Checkouts Full call number Barcode Date last seen Date checked out Price effective from Koha item type
    Dewey Decimal Classification     General Text Book Central University Of Rajasthan Central University Of Rajasthan 19/07/2012 PPLG 4 351.54 P96P 10534 21/11/2024 12/04/2024 02/09/2020 Books